[Event "POL-ch U18 Girls"]
[Site "Szklarska Poreba"]
[Date "2016.03.13"]
[Round "1"]
[White "Sliwicka, Alicja"]
[Black "Glapa, Anna"]
[Result "1-0"]
[WhiteElo "2093"]
[BlackElo "1716"]
[PlyCount "81"]
[EventDate "2016.03.13"]
[EventType "swiss"]
[EventRounds "9"]
[EventCountry "POL"]
[SourceTitle "EXT 2018"]
[Source "ChessBase"]
[SourceDate "2017.10.13"]
[SourceVersion "1"]
[SourceVersionDate "2017.10.13"]
[SourceQuality "1"]

1. e4 c5 2. Nf3 Nc6 3. d4 cxd4 4. Nxd4 e5 5. Nb5 a6 6. Nd6+ Bxd6 7. Qxd6 Qe7 8. Qd1 Nf6 9. Nc3 d6 10. Bg5 Be6 11. Bxf6 gxf6 12. Nd5 Bxd5 13. exd5 Nb8 14. Bd3 Nd7 15. 0-0 Nf8 16. Bf5 Ng6 17. c4 Qc7 18. Rc1 Ne7 19. Qa4+ Kf8 20. Qc2 Qc5 21. Qe4 Rg8 22. b4 Qxb4 23. Rb1 Qd2 24. g3 Qg5 25. Bh3 Rb8 26. Rb6 f5 27. Qe2 Nc8 28. Rb3 f6 29. f4 exf4 30. Bg2 Rg7 31. Rxf4 Ne7 32. Qe6 Rf7 33. Qxd6 Re8 34. Rxb7 Kg8 35. Qe6 Kf8 36. d6 Qh5 37. dxe7+ Rexe7 38. Rxe7 Rxe7 39. Qxf6+ Rf7 40. Qh8+ Ke7 41. Rd4 1-0

[Event "POL-chT3 Wielkopolskie 1516"]
[Site "Poland"]
[Date "2016.01.17"]
[Round "3.12"]
[White "Waligora, Julia"]
[Black "Glapa, Anna"]
[Result "0-1"]
[WhiteElo "1276"]
[BlackElo "1693"]
[PlyCount "112"]
[EventDate "2016.01.10"]
[EventType "team-tourn"]
[EventRounds "11"]
[EventCountry "POL"]
[SourceTitle "EXT 2019"]
[Source "ChessBase"]
[SourceDate "2018.10.10"]
[SourceVersion "1"]
[SourceVersionDate "2018.10.10"]
[SourceQuality "1"]

1. e4 c5 2. Nf3 Nc6 3. d4 cxd4 4. Nxd4 Nf6 5. Nc3 d6 6. Bg5 e6 7. Qd2 a6 8. f3 Bd7 9. 0-0-0 b5 10. h4 h6 11. Be3 Ne5 12. g4 Rc8 13. Bd3 b4 14. Nce2 d5 15. exd5 Nxd5 16. Bf2 Bd6 17. Kb1 Rb8 18. g5 Qc7 19. Rdg1 Nc3+ 20. Ka1 Nxe2 21. Qxe2 h5 22. Re1 a5 23. Rhg1 a4 24. Bg3 Nxd3 25. Bxd6 Qxd6 26. Qxd3 g6 27. Qe3 0-0 28. f4 Rfc8 29. Kb1 a3 30. b3 Rc3 31. Qe5 Qb6 32. Ne2 Rbc8 33. Nxc3 Rxc3 34. Rd1 Qf2 35. Qe4 Bc6 36. Rg2 Qxg2 37. Qxg2 Bxg2 38. Rd4 Re3 39. Kc1 Re4 40. Rxe4 Bxe4 41. Kd2 Kf8 42. c3 Bb1 43. cxb4 Bxa2 44. Kc2 Ke7 45. Kc3 Kd7 46. Kc2 Kc6 47. b5+ Kxb5 48. Kc3 Bb1 49. b4 a2 50. Kb2 Kxb4 51. Ka1 Kc4 52. Kb2 Kd4 53. Ka1 Ke4 54. f5 exf5 55. Kb2 f4 56. Ka1 f3 0-1

[Event "POL-chT U19 2nd League"]
[Site "Iwonicz"]
[Date "2015.08.01"]
[Round "6.29"]
[White "Glapa, Anna"]
[Black "Kostecka, Marika"]
[Result "1-0"]
[WhiteElo "1688"]
[BlackElo "1582"]
[PlyCount "117"]
[EventDate "2015.07.25"]
[EventType "team-swiss"]
[EventRounds "11"]
[EventCountry "POL"]
[SourceTitle "EXT 2019"]
[Source "ChessBase"]
[SourceDate "2018.10.10"]
[SourceVersion "1"]
[SourceVersionDate "2018.10.10"]
[SourceQuality "1"]
[WhiteTeam "Leszno Wieniawa U19"]
[BlackTeam "Konin UKS Smecz U19"]
[WhiteTeamCountry "POL"]
[BlackTeamCountry "POL"]

1. e4 c5 2. Nf3 d6 3. d4 cxd4 4. Nxd4 Nf6 5. Nc3 a6 6. Be2 e5 7. Nb3 Be7 8. 0-0 0-0 9. f4 exf4 10. Bxf4 Be6 11. Kh1 Nc6 12. Nd5 Nxe4 13. Nxe7+ Nxe7 14. Bf3 d5 15. Qe1 f5 16. Rd1 Qc8 17. c3 Ng6 18. Qe3 Kh8 19. Nd4 Bg8 20. Bh5 Bf7 21. Qh3 Ne7 22. Bf3 Be8 23. Bxe4 dxe4 24. Bd6 Rf7 25. Bxe7 Rxe7 26. Nxf5 Rf7 27. Nd6 Qxh3 28. Nxf7+ Bxf7 29. gxh3 Bxa2 30. Rd7 Re8 31. Rfd1 h6 32. Rd8 Rxd8 33. Rxd8+ Kh7 34. Rd6 Kg8 35. Kg1 Kf7 36. Kf2 Ke7 37. Rd4 Bb1 38. Ke3 Ke6 39. Rd8 Kf6 40. Rb8 b5 41. Rb6+ Kg5 42. Rxa6 Kh4 43. Rg6 h5 44. Rxg7 Bd3 45. Rg3 Bc2 46. Kd4 Bb3 47. Kxe4 Bc2+ 48. Kd4 Bb3 49. Kc5 Bc4 50. Kb4 Bf1 51. Re3 Bxh3 52. Kxb5 Bg4 53. c4 Kg5 54. c5 Kf4 55. Rc3 Be2+ 56. Kb6 Ke4 57. c6 Bd3 58. Rxd3 Kxd3 59. c7 1-0

[Event "POL-chT U19 2nd League"]
[Site "Iwonicz"]
[Date "2015.08.01"]
[Round "7.17"]
[White "Parol, Pola"]
[Black "Glapa, Anna"]
[Result "1/2-1/2"]
[WhiteElo "1713"]
[BlackElo "1688"]
[PlyCount "81"]
[EventDate "2015.07.25"]
[EventType "team-swiss"]
[EventRounds "11"]
[EventCountry "POL"]
[SourceTitle "EXT 2019"]
[Source "ChessBase"]
[SourceDate "2018.10.10"]
[SourceVersion "1"]
[SourceVersionDate "2018.10.10"]
[SourceQuality "1"]
[WhiteTeam "Minsk Mazowiecki MTSz U19"]
[BlackTeam "Leszno Wieniawa U19"]
[WhiteTeamCountry "POL"]
[BlackTeamCountry "POL"]

1. e4 c5 2. c4 Nc6 3. Nc3 g6 4. g3 Bg7 5. Bg2 e5 6. Nge2 Nge7 7. d3 d6 8. 0-0 0-0 9. f4 f5 10. Nd5 Nxd5 11. exd5 Nd4 12. Nxd4 exd4 13. Bd2 Bd7 14. b4 b5 15. Rb1 Rb8 16. Qc2 Qc7 17. Rfe1 a6 18. a3 Rfe8 19. h3 h6 20. Bf3 Bf6 21. g4 fxg4 22. hxg4 g5 23. f5 Kg7 24. Kg2 Rxe1 25. Rxe1 Re8 26. Be4 Rh8 27. Rh1 Be8 28. Qc1 Qe7 29. Qe1 Bd7 30. Bf3 Be5 31. Qe2 Qf6 32. Rh5 Be8 33. Rh1 Bd7 34. Rh5 Be8 35. Rh1 Bd7 36. Rh5 Be8 37. Rh1 Bd7 38. Rh5 Be8 39. Rh1 Bd7 40. Rh5 Be8 41. Rh1 1/2-1/2

[Event "POL-chT U19 2nd League"]
[Site "Iwonicz"]
[Date "2015.08.01"]
[Round "3.5"]
[White "Rogacka, Natalia"]
[Black "Glapa, Anna"]
[Result "0-1"]
[WhiteElo "1657"]
[BlackElo "1688"]
[PlyCount "168"]
[EventDate "2015.07.25"]
[EventType "team-swiss"]
[EventRounds "11"]
[EventCountry "POL"]
[SourceTitle "EXT 2019"]
[Source "ChessBase"]
[SourceDate "2018.10.10"]
[SourceVersion "1"]
[SourceVersionDate "2018.10.10"]
[SourceQuality "1"]
[WhiteTeam "Wroclaw MUKS MDK Fabryczna U19"]
[BlackTeam "Leszno Wieniawa U19"]
[WhiteTeamCountry "POL"]
[BlackTeamCountry "POL"]

1. e4 c5 2. Nf3 Nc6 3. d4 cxd4 4. Nxd4 Nf6 5. Nc3 d6 6. Be2 e5 7. Nb3 Be7 8. 0-0 a5 9. Be3 a4 10. Nd2 a3 11. b3 0-0 12. f4 exf4 13. Rxf4 d5 14. exd5 Nxd5 15. Nxd5 Qxd5 16. Bc4 Qe5 17. Re4 Qa5 18. Bd3 Be6 19. Nc4 Bxc4 20. Bxc4 Bf6 21. Rb1 Rad8 22. Qe2 Nb4 23. Qe1 Nc6 24. Qxa5 Nxa5 25. Bc5 Rfe8 26. Rxe8+ Rxe8 27. Bxa3 Nxc4 28. bxc4 Bd4+ 29. Kf1 b6 30. Bb2 Bc5 31. Rd1 h6 32. Rd3 Re4 33. Ba3 Rf4+ 34. Ke1 Bf2+ 35. Kd1 Rxc4 36. Bb2 Rf4 37. Ke2 Bc5 38. Rf3 Rc4 39. Kd2 Rg4 40. g3 Ra4 41. a3 Ra7 42. h3 Kh7 43. g4 Rd7+ 44. Kc3 Kg6 45. Kb3 f6 46. Bc1 Ra7 47. a4 Re7 48. Ba3 Re3+ 49. Rxe3 Bxe3 50. Kc4 h5 51. Kb5 hxg4 52. hxg4 Kg5 53. c4 Kxg4 54. c5 bxc5 55. Bxc5 Bxc5 56. Kxc5 f5 57. a5 f4 58. a6 f3 59. a7 f2 60. a8Q f1Q 61. Qe4+ Kg5 62. Qe3+ Kh5 63. Qe8+ g6 64. Qh8+ Kg4 65. Kb4 Qf4+ 66. Kb3 g5 67. Kc2 Qe4+ 68. Kd1 Kg3 69. Qb8+ Qf4 70. Qh8 g4 71. Kc2 Kg2 72. Kd1 g3 73. Qb2+ Qf2 74. Qb8 Kg1 75. Qb4 Qf1+ 76. Kd2 g2 77. Qg4 Qf2+ 78. Kd1 Qe3 79. Qf5 Kh2 80. Qh5+ Qh3 81. Qe2 Qb3+ 82. Ke1 Qb1+ 83. Kf2 g1Q+ 84. Kf3+ Kh1 0-1

[Event "POL-ch U16 Girls"]
[Site "Karpacz"]
[Date "2015.??.??"]
[Round "1"]
[White "Glapa, Anna"]
[Black "Godek, Martyna"]
[Result "0-1"]
[WhiteElo "1597"]
[BlackElo "1353"]
[PlyCount "54"]
[EventDate "2015.03.??"]
[EventType "swiss"]
[EventRounds "9"]
[EventCountry "POL"]
[SourceTitle "EXT 2017"]
[Source "ChessBase"]
[SourceDate "2016.10.25"]
[SourceVersion "1"]
[SourceVersionDate "2016.10.25"]
[SourceQuality "1"]

1. e4 e5 2. Nf3 Nc6 3. Bb5 Bc5 4. 0-0 d6 5. c3 a6 6. Ba4 b5 7. Bc2 Bg4 8. d3 Nge7 9. b4 Nxb4 10. cxb4 Bd4 11. Nc3 Bxc3 12. Rb1 Nc6 13. Bb3 Qd7 14. Bd5 Rc8 15. Be3 Nxb4 16. Qb3 Nxd5 17. exd5 Bxf3 18. gxf3 b4 19. Qc4 a5 20. Kh1 Qh3 21. f4 Qf3+ 22. Kg1 0-0 23. Rbd1 f5 24. Rc1 Rf6 25. Rfd1 Qh3 26. f3 Rg6+ 27. Kf2 Qg2# 0-1

[Event "POL-chT U19 2nd League"]
[Site "Szczyrk"]
[Date "2014.07.29"]
[Round "7.23"]
[White "Glapa, Anna"]
[Black "Momot, Weronika"]
[Result "1-0"]
[WhiteElo "1680"]
[BlackElo "1479"]
[PlyCount "87"]
[EventDate "2014.07.25"]
[EventType "team-swiss"]
[EventRounds "11"]
[EventCountry "POL"]
[SourceTitle "EXT 2015"]
[Source "ChessBase"]
[SourceDate "2014.11.20"]
[SourceVersion "1"]
[SourceVersionDate "2014.11.20"]
[SourceQuality "1"]
[WhiteTeam "Leszno Wieniawa U19"]
[BlackTeam "Konin UKS Smecz U19"]
[WhiteTeamCountry "POL"]
[BlackTeamCountry "POL"]

1. e4 e6 2. d4 d5 3. Nc3 Nf6 4. e5 Nfd7 5. Nf3 c5 6. dxc5 Nc6 7. Bf4 Bxc5 8. Bd3 f6 9. exf6 Nxf6 10. 0-0 0-0 11. Qe2 a6 12. Ne5 Nxe5 13. Bxe5 Bd6 14. Rae1 Qc7 15. h3 b5 16. a3 Bd7 17. Nb1 Rae8 18. Nd2 Bc6 19. Nf3 Nd7 20. Bxd6 Qxd6 21. Bxh7+ Kh8 22. Bg6 Rb8 23. Ng5 Nf6 24. Nf7+ Rxf7 25. Bxf7 Bd7 26. Qe5 Qxe5 27. Rxe5 Rc8 28. c3 a5 29. Bxe6 Bxe6 30. Rxe6 Rb8 31. Ra6 b4 32. Rxa5 bxc3 33. bxc3 Rc8 34. Rc1 d4 35. c4 d3 36. Rd1 Rd8 37. Rd5 Nxd5 38. Rxd3 Kg8 39. Rxd5 Rc8 40. Rd4 Rc5 41. Kf1 Kf7 42. Ke2 Ke6 43. Ke3 Ke5 44. Rd5+ 1-0

[Event "POL-chT U19 2nd League"]
[Site "Szczyrk"]
[Date "2014.07.27"]
[Round "4.29"]
[White "Reda, Lucja"]
[Black "Glapa, Anna"]
[Result "1/2-1/2"]
[WhiteElo "1244"]
[BlackElo "1680"]
[PlyCount "81"]
[EventDate "2014.07.25"]
[EventType "team-swiss"]
[EventRounds "11"]
[EventCountry "POL"]
[SourceTitle "EXT 2015"]
[Source "ChessBase"]
[SourceDate "2014.11.20"]
[SourceVersion "1"]
[SourceVersionDate "2014.11.20"]
[SourceQuality "1"]
[WhiteTeam "Warszawa UKS Czternastka U19"]
[BlackTeam "Leszno Wieniawa U19"]
[WhiteTeamCountry "POL"]
[BlackTeamCountry "POL"]

1. d4 d5 2. Nf3 c6 3. e3 Bf5 4. Nbd2 Nd7 5. Be2 Ngf6 6. 0-0 e6 7. Ne5 Ne4 8. f4 f6 9. Nxd7 Qxd7 10. c3 Bd6 11. Nxe4 Bxe4 12. Bd3 Bxd3 13. Qxd3 0-0-0 14. b4 g5 15. a4 Rhg8 16. b5 Kb8 17. Bd2 gxf4 18. exf4 c5 19. dxc5 Bxc5+ 20. Be3 Qg7 21. g3 Bxe3+ 22. Qxe3 e5 23. fxe5 fxe5 24. Rad1 Rge8 25. Qc5 Qe7 26. Rxd5 Rxd5 27. Qxd5 Qg5 28. Re1 h5 29. Qe4 Qd2 30. Qe3 Qd5 31. Qg5 Qf3 32. Qe3 Qd5 33. Qg5 Qf3 34. Qe3 Qd5 35. Qg5 Qf3 36. Qe3 Qd5 37. Qg5 Qf3 38. Qe3 Qd5 39. Qg5 Qf3 40. Qe3 Qd5 41. Qg5 1/2-1/2

[Event "Sokolka op 5th"]
[Site "Sokolka"]
[Date "2014.07.16"]
[Round "9"]
[White "Zebelis, Rimantas"]
[Black "Glapa, Anna"]
[Result "1-0"]
[WhiteElo "1845"]
[BlackElo "1680"]
[PlyCount "117"]
[EventDate "2014.07.08"]
[EventType "swiss"]
[EventRounds "9"]
[EventCountry "POL"]
[SourceTitle "CBM 161 Extra"]
[Source "ChessBase"]
[SourceDate "2014.08.29"]
[SourceVersion "1"]
[SourceVersionDate "2014.08.29"]
[SourceQuality "1"]

1. d4 d5 2. c4 e6 3. Nc3 c6 4. Nf3 dxc4 5. a4 Bb4 6. e3 b5 7. Bd2 Qe7 8. Ne5 Bb7 9. Be2 Nf6 10. Bf3 Nbd7 11. Nxd7 Qxd7 12. Ne4 Bxd2+ 13. Qxd2 Qe7 14. Nc5 a6 15. Qa5 0-0 16. Nxb7 Qxb7 17. axb5 Qc8 18. 0-0 Ra7 19. Rfc1 Rc7 20. b3 cxb5 21. Rc3 Qd7 22. Rac1 Rfc8 23. bxc4 Rxc4 24. Rxc4 bxc4 25. h3 g6 26. Be2 Qb5 27. Qa2 a5 28. Rxc4 Rxc4 29. Bxc4 Qb4 30. d5 exd5 31. Bxd5 Qf8 32. Qxa5 Nd7 33. Qc3 Qd6 34. Qc4 Qe7 35. Qc8+ Nf8 36. Qb7 Qf6 37. f4 Kg7 38. Kh2 Ne6 39. Qb6 h6 40. Bxe6 Qxe6 41. Qxe6 fxe6 42. Kg3 Kf6 43. Kf3 Kf5 44. g4+ Kf6 45. h4 h5 46. gxh5 gxh5 47. Ke4 Ke7 48. Ke5 Kf7 49. f5 exf5 50. Kxf5 Ke7 51. Kg5 Ke6 52. Kxh5 Kf5 53. Kh6 Kf6 54. e4 Kf7 55. Kg5 Kg7 56. h5 Kf7 57. h6 Kg8 58. Kg6 Kh8 59. Kf7 1-0

[Event "Sokolka op 5th"]
[Site "Sokolka"]
[Date "2014.07.15"]
[Round "8"]
[White "Glapa, Anna"]
[Black "Rusak, Jan"]
[Result "1-0"]
[WhiteElo "1680"]
[BlackElo "1484"]
[PlyCount "51"]
[EventDate "2014.07.08"]
[EventType "swiss"]
[EventRounds "9"]
[EventCountry "POL"]
[SourceTitle "CBM 161 Extra"]
[Source "ChessBase"]
[SourceDate "2014.08.29"]
[SourceVersion "1"]
[SourceVersionDate "2014.08.29"]
[SourceQuality "1"]

1. e4 e6 2. d4 d5 3. Nc3 Bb4 4. exd5 exd5 5. Bd3 Nf6 6. Nge2 Bg4 7. f3 Bh5 8. a3 Bxc3+ 9. Nxc3 0-0 10. 0-0 c6 11. Re1 Re8 12. Ne2 Nbd7 13. Bg5 Bg6 14. c3 Re7 15. Nf4 Bxd3 16. Nxd3 Rxe1+ 17. Qxe1 Qf8 18. Qg3 Rc8 19. Re1 Kh8 20. Ne5 h6 21. Nxd7 Nxd7 22. Be7 Qg8 23. Qd6 Nf8 24. Bxf8 Qxf8 25. Qxf8+ Rxf8 26. Re7 1-0

[Event "Sokolka op 5th"]
[Site "Sokolka"]
[Date "2014.07.11"]
[Round "4"]
[White "Dabkus, Roman"]
[Black "Glapa, Anna"]
[Result "0-1"]
[WhiteElo "1795"]
[BlackElo "1680"]
[PlyCount "160"]
[EventDate "2014.07.08"]
[EventType "swiss"]
[EventRounds "9"]
[EventCountry "POL"]
[SourceTitle "CBM 161 Extra"]
[Source "ChessBase"]
[SourceDate "2014.08.29"]
[SourceVersion "1"]
[SourceVersionDate "2014.08.29"]
[SourceQuality "1"]

1. e4 c5 2. Nc3 d6 3. f4 g6 4. Nf3 Bg7 5. Bb5+ Bd7 6. Bc4 e6 7. d3 a6 8. 0-0 Nc6 9. Qe1 Qc7 10. f5 0-0-0 11. fxe6 Bxe6 12. Bxe6+ fxe6 13. Ng5 Nd4 14. Rf7 Rd7 15. Qf1 Nh6 16. Rxg7 Rxg7 17. Nxe6 Nxe6 18. Nd5 Qf7 19. Bxh6 Qxf1+ 20. Rxf1 Rd7 21. Nb6+ Kc7 22. Nxd7 Kxd7 23. Rf7+ Kc6 24. Be3 b6 25. c3 Nd8 26. Rf6 Re8 27. h4 c4 28. Bf4 Nb7 29. Kf2 cxd3 30. e5 Kd5 31. exd6 Re2+ 32. Kf3 Kc6 33. d7+ Kxd7 34. Rxb6 Nc5 35. Rd6+ Ke7 36. b4 Ne6 37. Rxd3 Rxa2 38. Be5 Ra1 39. c4 Rc1 40. Bc3 Rf1+ 41. Kg3 Nf4 42. Re3+ Kd7 43. Be5 Nh5+ 44. Kg4 Nf6+ 45. Kg3 Ng8 46. Ra3 Re1 47. Bf4 Re6 48. c5 Nf6 49. Kf3 Nd5 50. Bd6 Nxb4 51. Ra4 Nd3 52. Rd4 Ne1+ 53. Kf2 Kc6 54. Rd2 a5 55. Kf1 Re3 56. Bf4 Re6 57. Bg3 Nxg2 58. Kxg2 Kxc5 59. Rd7 h5 60. Ra7 Kb5 61. Kf3 a4 62. Bf2 Kb4 63. Bd4 Kb3 64. Kf4 a3 65. Bg7 Rc6 66. Re7 Ra6 67. Re3+ Kc2 68. Rg3 a2 69. Rg1 Kb3 70. Kg5 Ra4 71. Bf6 Kc2 72. Kxg6 Rg4+ 73. Kxh5 Rxg1 74. Kh6 Kd3 75. h5 Ke4 76. Kh7 Kf5 77. Bd4 Ke6 78. h6 Kf7 79. Bxg1 a1Q 80. Bd4 Qa8 0-1

[Event "Sokolka op 5th"]
[Site "Sokolka"]
[Date "2014.07.09"]
[Round "2"]
[White "Szczepaniec, Stanislaw"]
[Black "Glapa, Anna"]
[Result "1-0"]
[WhiteElo "1984"]
[BlackElo "1680"]
[PlyCount "184"]
[EventDate "2014.07.08"]
[EventType "swiss"]
[EventRounds "9"]
[EventCountry "POL"]
[SourceTitle "CBM 161 Extra"]
[Source "ChessBase"]
[SourceDate "2014.08.29"]
[SourceVersion "1"]
[SourceVersionDate "2014.08.29"]
[SourceQuality "1"]

1. c4 e6 2. Nf3 d5 3. g3 c6 4. Bg2 Bd6 5. Qc2 Nf6 6. 0-0 e5 7. d3 0-0 8. Rd1 Bf5 9. Nh4 Be6 10. Bg5 Nbd7 11. Nc3 Qc7 12. b3 h6 13. Bc1 Nh7 14. e4 d4 15. Ne2 Be7 16. Nf5 Bxf5 17. exf5 Rfe8 18. g4 Bg5 19. Bxg5 Nxg5 20. h4 Nh7 21. Ng3 Qd8 22. h5 Qh4 23. Qe2 Ndf6 24. Bf3 Ng5 25. Kf1 Nxf3 26. Qxf3 Nxg4 27. Ke2 Nf6 28. Rh1 Qg4 29. Qxg4 Nxg4 30. Ne4 Kf8 31. Rag1 Nf6 32. Nxf6 gxf6 33. Kf3 Ke7 34. Rg7 Rh8 35. Rhg1 Raf8 36. c5 Kd7 37. Ke4 b6 38. b4 Ke7 39. a4 bxc5 40. bxc5 Rb8 41. f3 Rb2 42. R1g2 Rhb8 43. f4 Rxg2 44. Rxg2 Rb1 45. fxe5 Re1+ 46. Kxd4 fxe5+ 47. Kc3 Kf6 48. Rb2 Rc1+ 49. Kb4 Kxf5 50. Rf2+ Ke6 51. Ka5 Rxc5+ 52. Ka6 Rd5 53. a5 Rd7 54. Rc2 Kd6 55. Rf2 Ke6 56. Rb2 f5 57. Rg2 Rh7 58. Rg8 f4 59. Rc8 Kd6 60. Rd8+ Kc5 61. d4+ exd4 62. Rf8 d3 63. Rxf4 d2 64. Rc4+ Kd5 65. Rd4+ Ke5 66. Rxd2 c5 67. Kb5 Rc7 68. Kc4 Kf4 69. Rd5 Kg4 70. a6 Rc6 71. Kb5 Rb6+ 72. Ka5 Rc6 73. Rd7 c4 74. Rxa7 c3 75. Rg7+ Kxh5 76. a7 Rc8 77. Rc7 Rxc7 78. a8Q Rc5+ 79. Kb4 Rg5 80. Kxc3 Rg3+ 81. Kd4 Kh4 82. Ke4 h5 83. Kf4 Rg4+ 84. Kf3 Rg3+ 85. Kf2 Rg4 86. Qd8+ Kh3 87. Qd7 Kh2 88. Qd6+ Kh3 89. Qe6 Kh4 90. Qf6+ Kh3 91. Qe5 Kh4 92. Kf3 Rg2 1-0

[Event "EU Union-ch U14"]
[Site "Malenovice"]
[Date "2013.09.03"]
[Round "7"]
[White "Stepan, Patrik"]
[Black "Glapa, Anna"]
[Result "1/2-1/2"]
[WhiteElo "1764"]
[BlackElo "1675"]
[PlyCount "69"]
[EventDate "2013.08.28"]
[EventType "swiss"]
[EventRounds "9"]
[EventCountry "CZE"]
[SourceTitle "CBM 156 Extra"]
[Source "ChessBase"]
[SourceDate "2013.10.22"]
[SourceVersion "1"]
[SourceVersionDate "2013.10.22"]
[SourceQuality "1"]

1. c4 c6 2. d4 d5 3. e3 Nf6 4. Bd3 e6 5. Nf3 Bd6 6. Nc3 Nbd7 7. 0-0 0-0 8. e4 dxe4 9. Nxe4 Nxe4 10. Bxe4 e5 11. c5 Bc7 12. Qc2 h6 13. Rd1 exd4 14. Nxd4 Qe7 15. b4 Re8 16. Bd3 Qh4 17. Nf3 Qxb4 18. Be3 Ne5 19. Nd4 Nxd3 20. Rxd3 Be5 21. Bd2 Bxd4 22. Bxb4 Bxa1 23. Rd1 Bf6 24. Bc3 Bxc3 25. Qxc3 Be6 26. Qa5 Bd5 27. a3 b6 28. Qc3 Re6 29. Kf1 Rae8 30. Rb1 b5 31. g3 Re5 32. Qa5 Bc4+ 33. Kg1 Rxc5 34. Qxa7 Rce5 35. a4 1/2-1/2

[Event "EU Union-ch U14"]
[Site "Malenovice"]
[Date "2013.08.31"]
[Round "4"]
[White "Glapa, Anna"]
[Black "Zlamana, Anna"]
[Result "1-0"]
[WhiteElo "1675"]
[BlackElo "1535"]
[PlyCount "65"]
[EventDate "2013.08.28"]
[EventType "swiss"]
[EventRounds "9"]
[EventCountry "CZE"]
[SourceTitle "CBM 156 Extra"]
[Source "ChessBase"]
[SourceDate "2013.10.22"]
[SourceVersion "1"]
[SourceVersionDate "2013.10.22"]
[SourceQuality "1"]

1. e4 e5 2. Nf3 Nc6 3. Bb5 a6 4. Ba4 Nf6 5. d4 exd4 6. 0-0 Be7 7. e5 Nd5 8. Nxd4 Nb6 9. Nf5 Rg8 10. Qh5 h6 11. Bb3 g6 12. Qxh6 gxf5 13. Qh7 Rf8 14. Bh6 Nd4 15. Bxf8 Nxb3 16. Bxe7 Qxe7 17. Qh8+ Qf8 18. Qxf8+ Kxf8 19. axb3 d6 20. exd6 cxd6 21. Nc3 Be6 22. Rad1 Rd8 23. Rfe1 Kg7 24. Re3 Kf6 25. Red3 Ke7 26. Ne2 Nd5 27. Rxd5 Bxd5 28. Rxd5 Rc8 29. c3 Rc5 30. Nf4 Kd7 31. Rxc5 dxc5 32. Nd3 Kd6 33. h4 1-0

[Event "EU Union-ch U14"]
[Site "Malenovice"]
[Date "2013.08.29"]
[Round "2"]
[White "Glapa, Anna"]
[Black "Balimezova, Margarita"]
[Result "1-0"]
[WhiteElo "1675"]
[BlackElo "1628"]
[PlyCount "217"]
[EventDate "2013.08.28"]
[EventType "swiss"]
[EventRounds "9"]
[EventCountry "CZE"]
[SourceTitle "CBM 156 Extra"]
[Source "ChessBase"]
[SourceDate "2013.10.22"]
[SourceVersion "1"]
[SourceVersionDate "2013.10.22"]
[SourceQuality "1"]

1. e4 c5 2. Nf3 d6 3. d4 cxd4 4. Nxd4 Nf6 5. Nc3 a6 6. Be3 e5 7. Nb3 Be7 8. Be2 Be6 9. 0-0 0-0 10. f4 exf4 11. Bxf4 d5 12. exd5 Nxd5 13. Nxd5 Bxd5 14. Bd3 Bf6 15. c4 Be6 16. Qc2 h6 17. Kh1 Nd7 18. Rad1 Qc8 19. Nd2 Be5 20. Be3 Rd8 21. Bf5 Bxf5 22. Qxf5 Bf6 23. b3 Qc6 24. Ne4 Qe6 25. Qxe6 fxe6 26. Bxh6 gxh6 27. Rxd7 Bb2 28. Rxd8+ Rxd8 29. Nc5 Ba3 30. Nxe6 Rd2 31. Ra1 Bb2 32. Rb1 Ba3 33. Ra1 Bb2 34. Rf1 Ba3 35. g3 Rxa2 36. Nd8 Rb2 37. Rf3 b6 38. Ne6 Kh7 39. Nd4 Bc5 40. Ne6 Ba3 41. Rd3 Kg6 42. Rf3 Be7 43. Nd4 Bc5 44. Nc6 Bd6 45. Rd3 Bc5 46. h3 Kf6 47. Nb8 a5 48. Nd7+ Ke6 49. Nxc5+ bxc5 50. g4 Kf6 51. h4 Ke6 52. Re3+ Kf6 53. Kg1 Kf7 54. Rd3 Ke6 55. Rf3 Rd2 56. g5 hxg5 57. hxg5 Rd4 58. Rg3 Kf7 59. g6+ Kg7 60. Kf2 Rd2+ 61. Ke3 Rb2 62. Ke4 Rd2 63. Rd3 Rg2 64. Kd5 Rg5+ 65. Kc6 Kxg6 66. Rd6+ Kf7 67. Kb5 Rg3 68. Ka4 Rg5 69. Kxa5 Ke7 70. Rc6 Kd7 71. Rb6 Rg3 72. Ka6 Kc7 73. Ka5 Rh3 74. Rb5 Kc6 75. Rb6+ Kc7 76. Rb5 Kc6 77. Ka4 Rc3 78. Rb8 Rc1 79. Rc8+ Kb6 80. Rb8+ Kc6 81. Ka3 Rc2 82. Rh8 Kb7 83. Rh6 Kc7 84. Rh4 Kb6 85. b4 cxb4+ 86. Kxb4 Rb2+ 87. Kc3 Rb1 88. Rh6+ Kc5 89. Rh5+ Kc6 90. Kc2 Rb4 91. Kd3 Rb3+ 92. Kd4 Rb1 93. Rh6+ Kc7 94. Kc5 Rc1 95. Rh7+ Kc8 96. Kb5 Rb1+ 97. Kc6 Kd8 98. c5 Rc1 99. Rh5 Rd1 100. Rh8+ Ke7 101. Kc7 Rc1 102. c6 Rc2 103. Rb8 Rc1 104. Rb6 Rc2 105. Kb8 Kd8 106. Kb7 Ke7 107. Kc8 Rc1 108. Rb7+ Ke6 109. c7 1-0

[Event "Polanica Zdroj op-D 49th"]
[Site "Polanica Zdroj"]
[Date "2013.08.22"]
[Round "6"]
[White "Flazinski, Jozef"]
[Black "Glapa, Anna"]
[Result "1-0"]
[WhiteElo "1916"]
[BlackElo "1675"]
[PlyCount "63"]
[EventDate "2013.08.17"]
[EventType "swiss"]
[EventRounds "9"]
[EventCountry "POL"]
[SourceTitle "EXT 2014"]
[Source "ChessBase"]
[SourceDate "2013.11.20"]
[SourceVersion "1"]
[SourceVersionDate "2013.11.20"]
[SourceQuality "1"]

1. e4 c5 2. c3 d5 3. exd5 Qxd5 4. d4 Nf6 5. Nf3 e6 6. Be2 Nc6 7. 0-0 cxd4 8. cxd4 Be7 9. Nc3 Qd6 10. Qb3 0-0 11. Rd1 Re8 12. Nb5 Qd8 13. Bf4 Nd5 14. Bg3 a6 15. Nc3 Na5 16. Qc2 b5 17. Nxd5 Qxd5 18. Ne5 Bb7 19. Bf3 Qd8 20. Qd3 Rc8 21. Bxb7 Nxb7 22. Nxf7 Qb6 23. Ne5 Red8 24. Qe4 Nd6 25. Qg4 Ne8 26. Nf3 Nf6 27. Qh3 h6 28. Be5 Rc2 29. b3 Qa5 30. Qxe6+ Kf8 31. a3 Nd5 32. Qf5+ 1-0

[Event "Polanica Zdroj op-D 49th"]
[Site "Polanica Zdroj"]
[Date "2013.08.21"]
[Round "5"]
[White "Proczek, Mateusz"]
[Black "Glapa, Anna"]
[Result "0-1"]
[WhiteElo "1522"]
[BlackElo "1675"]
[PlyCount "62"]
[EventDate "2013.08.17"]
[EventType "swiss"]
[EventRounds "9"]
[EventCountry "POL"]
[SourceTitle "EXT 2014"]
[Source "ChessBase"]
[SourceDate "2013.11.20"]
[SourceVersion "1"]
[SourceVersionDate "2013.11.20"]
[SourceQuality "1"]

1. e4 c5 2. Nf3 Nc6 3. d4 cxd4 4. Nxd4 Nf6 5. Nc3 d6 6. Be3 e5 7. Nf3 Be7 8. h3 h6 9. Be2 Be6 10. Qd2 0-0 11. 0-0 d5 12. exd5 Nxd5 13. Nxd5 Bxd5 14. a3 f5 15. Qc3 Bf6 16. Rad1 Rf7 17. Qc5 Rd7 18. c4 Be6 19. Rxd7 Qxd7 20. Rd1 Qc7 21. Qd6 Qf7 22. Qc5 Rc8 23. Qb5 f4 24. Bc1 e4 25. Bxf4 exf3 26. Bxf3 Bxc4 27. Qf5 Be6 28. Qb5 a6 29. Qa4 Bxb2 30. Rd2 Bb3 31. Qe4 Bc1 0-1

[Event "EU-ch U14 Girls"]
[Site "Prague"]
[Date "2012.08.21"]
[Round "5"]
[White "Glapa, Anna"]
[Black "Lesnic, Galina"]
[Result "1/2-1/2"]
[WhiteElo "1594"]
[BlackElo "1490"]
[PlyCount "91"]
[EventDate "2012.08.17"]
[EventType "swiss"]
[EventRounds "9"]
[EventCountry "CZE"]
[SourceTitle "CBM 150 Extra"]
[Source "ChessBase"]
[SourceDate "2012.10.19"]
[SourceVersion "1"]
[SourceVersionDate "2012.10.19"]
[SourceQuality "1"]

1. e4 e5 2. Nf3 Nc6 3. Bc4 Bc5 4. c3 Nf6 5. d3 a6 6. b4 Ba7 7. 0-0 0-0 8. a4 d6 9. Bg5 h6 10. Be3 Ne7 11. Nbd2 Ng6 12. Qb3 c6 13. d4 Bg4 14. Be2 d5 15. Qc2 exd4 16. cxd4 dxe4 17. Nxe4 Bf5 18. Nxf6+ Qxf6 19. Qc3 Rfd8 20. Rfd1 Be4 21. Ne5 Nxe5 22. dxe5 Qg6 23. f3 Bxe3+ 24. Qxe3 Bd5 25. Bd3 Qe6 26. Be4 Bxe4 27. Qxe4 Qb3 28. Rd6 Re8 29. a5 Qb2 30. Re1 Rad8 31. e6 fxe6 32. Rxe6 Rxe6 33. Qxe6+ Kh7 34. Qe4+ Kg8 35. Qf4 Qd4+ 36. Qxd4 Rxd4 37. Re4 Rd5 38. Kf2 Kf7 39. Ke3 c5 40. Rc4 cxb4 41. Rc7+ Kg8 42. Rxb7 Rxa5 43. Rxb4 Ra2 44. Rf4 Kh7 45. h4 Rb2 46. h5 1/2-1/2